[Event "26th EUR-ch"]
[Site "Katowice POL"]
[Date "2026.04.14"]
[Round "7.1"]
[White "Stefansson, Vignir Vatnar"]
[Black "Anton Guijarro, David"]
[Result "0-1"]
[WhiteElo "2512"]
[BlackElo "2656"]
[EventDate "2026.04.07"]
[PlyCount "86"]

1.d4 Nf6 2.c4 e6 3.Nf3 d5 4.Nc3 c6 5.Qd3 dxc4 6.Qxc4 b5 7.Qd3 Bb7 8.e4 a6 
9.a4 b4 10.e5 Nfd7 11.Ne4 c5 12.Bg5 Qa5 13.dxc5 h6 14.Be3 Nxc5 15.Nd6+ 
Bxd6 16.Qxd6 Nbd7 17.Be2 Ne4 18.Qd1 Rd8 19.O-O Nxe5 20.Qe1 Nd3 21.Bxd3 
Rxd3 22.Rc1 O-O 23.Rc4 Rb3 24.Qb1 Qd5 25.Rd4 Qf5 26.Rd7 Bc8 27.Nd4 Qe5 28.
Rxf7 Rxf7 29.Nxb3 Bb7 30.Nd4 Nd2 31.Bxd2 Qxd4 32.Be3 Qg4 33.f3 Bxf3 34.Qc2
Be4 35.Qd2 Rd7 36.Qf2 Kh7 37.Qg3 Qxg3 38.hxg3 Rd3 39.Bf4 Kg6 40.Rc1 Kf5 
41.Rc5+ Bd5 42.Kf2 g5 43.Bc1 Kg4 0-1

[Event "26th EUR-ch"]
[Site "Katowice POL"]
[Date "2026.04.14"]
[Round "7.2"]
[White "Dardha, Daniel"]
[Black "Suleymanli, Aydin"]
[Result "0-1"]
[WhiteElo "2596"]
[BlackElo "2653"]
[EventDate "2026.04.07"]
[PlyCount "130"]

1.e4 e5 2.Nf3 Nc6 3.Nc3 Nf6 4.Bb5 Nd4 5.O-O Nxb5 6.Nxb5 c6 7.Nc3 d6 8.d4 
Qc7 9.Bg5 Be7 10.a4 Bg4 11.Bxf6 Bxf6 12.d5 O-O 13.h3 Bxf3 14.Qxf3 Bg5 15.
Rfd1 a5 16.Qd3 Rfd8 17.g3 Qb6 18.h4 Be7 19.Ra3 Rd7 20.Rb3 Qa7 21.Qe2 Re8 
22.Qg4 Rc7 23.Kg2 g6 24.h5 Qa8 25.Qf3 Qc8 26.Rb6 Rd7 27.hxg6 fxg6 28.dxc6 
bxc6 29.Qe2 Rc7 30.Qa6 Qd7 31.Qxa5 Rf8 32.Qa6 d5 33.Qa5 Ra7 34.Ra6 Qg4 35.
Rxa7 Qf3+ 36.Kh2 Qxf2+ 37.Kh3 Rf3 38.Ne2 Qxe2 39.Qd2 Qxe4 40.Rxe7 Rf5 41.
Qh6 Rh5+ 42.Qxh5 gxh5 43.Rf1 Qg4+ 44.Kh2 Qe2+ 45.Kg1 h4 46.Re8+ Kg7 47.
gxh4 Qg4+ 48.Kf2 Qxh4+ 49.Kg2 Qg4+ 50.Kf2 Qxa4 51.Kg3 Qe4 52.Re7+ Kg6 53.
Re8 Kg7 54.Re7+ Kh6 55.Rf3 Qg6+ 56.Kh2 Qxc2+ 57.Kh3 Qe4 58.Ref7 d4 59.
R7f6+ Kg5 60.Rf8 d3 61.Rg3+ Kh5 62.Rf2 Qh1+ 63.Rh2 Qf1+ 64.Rgg2 d2 65.Kg3+
Kg5 0-1

[Event "26th EUR-ch"]
[Site "Katowice POL"]
[Date "2026.04.14"]
[Round "7.3"]
[White "Donchenko, Alexander"]
[Black "Kosakowski, Jakub"]
[Result "1/2-1/2"]
[WhiteElo "2642"]
[BlackElo "2533"]
[EventDate "2026.04.07"]
[PlyCount "35"]

1.d4 Nf6 2.c4 e6 3.Nf3 Bb4+ 4.Bd2 Qe7 5.g3 Bxd2+ 6.Qxd2 Nc6 7.a3 d6 8.Bg2 
e5 9.O-O Bg4 10.e3 e4 11.Ne1 d5 12.cxd5 Nxd5 13.Nc3 Nxc3 14.bxc3 O-O 15.f3
exf3 16.Nxf3 Rad8 17.a4 Na5 18.Qd3 1/2-1/2

[Event "26th EUR-ch"]
[Site "Katowice POL"]
[Date "2026.04.14"]
[Round "7.4"]
[White "Iturrizaga Bonelli, Eduardo"]
[Black "Martirosian, Haik"]
[Result "1/2-1/2"]
[WhiteElo "2575"]
[BlackElo "2633"]
[EventDate "2026.04.07"]
[PlyCount "25"]

1.d4 Nf6 2.c4 e6 3.Nf3 d5 4.Nc3 Nbd7 5.Bf4 dxc4 6.e3 b5 7.Nxb5 Bb4+ 8.Nc3 
Nd5 9.a3 Nxc3 10.Qd2 Bxa3 11.Qxc3 Bd6 12.Bxd6 cxd6 13.Bxc4 1/2-1/2

[Event "26th EUR-ch"]
[Site "Katowice POL"]
[Date "2026.04.14"]
[Round "7.6"]
[White "Malek, Jan"]
[Black "Hovhannisian, Robert"]
[Result "1-0"]
[WhiteElo "2533"]
[BlackElo "2621"]
[EventDate "2026.04.07"]
[PlyCount "137"]

1.e4 e5 2.Nf3 Nc6 3.Bc4 Bc5 4.c3 Nf6 5.d3 d6 6.Bg5 a5 7.Nbd2 Ba7 8.Qe2 h6 
9.Bh4 Qe7 10.O-O-O Bd7 11.Bb5 g5 12.Bg3 Nh5 13.Nc4 Qf6 14.Kb1 Nf4 15.Bxf4 
Qxf4 16.Ne3 Bxe3 17.fxe3 Qf6 18.Nd2 Qe7 19.Qh5 O-O-O 20.Nc4 b6 21.Rdf1 f6 
22.Qd1 Nb8 23.Bxd7+ Nxd7 24.b4 axb4 25.cxb4 d5 26.exd5 Qxb4+ 27.Qb3 Qxb3+ 
28.axb3 Kb7 29.e4 Ra8 30.Kb2 h5 31.Ra1 h4 32.b4 Rhf8 33.Ne3 b5 34.Rxa8 
Rxa8 35.Rc1 Nb6 36.Rc6 Ra6 37.Re6 Nd7 38.Re7 Kc8 39.Re8+ Kb7 40.Rd8 Nb6 
41.Rf8 Ra4 42.Nc2 Nd7 43.Rf7 Kc8 44.Kb3 Ra6 45.Na3 Rb6 46.Rg7 c6 47.dxc6 
Rxc6 48.Nxb5 Rc1 49.Rg8+ Kb7 50.Nd6+ Kb6 51.Rd8 Rb1+ 52.Kc2 Rh1 53.Rxd7 
Kc6 54.Rd8 Rxh2 55.Kc3 Kc7 56.Nf7 g4 57.Rh8 g3 58.Rh7 Kc6 59.Nd8+ Kd6 60.
Nb7+ Kc6 61.Na5+ Kb5 62.Nc4 Rxg2 63.Rxh4 Rg1 64.Rg4 g2 65.Na3+ Kc6 66.Nc2 
Kb5 67.Kd2 Ka4 68.Ne1 Kxb4 69.Rxg2 1-0

[Event "26th EUR-ch"]
[Site "Katowice POL"]
[Date "2026.04.14"]
[Round "7.7"]
[White "Meshkovs, Nikita"]
[Black "Lagarde, Maxime"]
[Result "1/2-1/2"]
[WhiteElo "2532"]
[BlackElo "2621"]
[EventDate "2026.04.07"]
[PlyCount "22"]

1.d4 Nf6 2.Nf3 g6 3.Nbd2 d5 4.b4 Bg7 5.e3 O-O 6.Be2 a5 7.b5 c5 8.bxc6 Nxc6
9.O-O Bf5 10.c4 Nb4 11.Qb3 dxc4 1/2-1/2

[Event "26th EUR-ch"]
[Site "Katowice POL"]
[Date "2026.04.14"]
[Round "7.8"]
[White "Kacharava, Nikolozi"]
[Black "Santos Latasa, Jaime"]
[Result "1-0"]
[WhiteElo "2500"]
[BlackElo "2610"]
[EventDate "2026.04.07"]
[PlyCount "71"]

1.e4 c5 2.Nf3 d6 3.d4 cxd4 4.Nxd4 Nf6 5.Nc3 a6 6.Bd3 g6 7.f3 Bg7 8.Be3 
Nbd7 9.Qd2 b5 10.O-O-O Bb7 11.Kb1 Rb8 12.a3 Ne5 13.Bh6 Bxh6 14.Qxh6 Qb6 
15.Rhe1 b4 16.axb4 Qxb4 17.Nb3 Bc6 18.Bxa6 Rg8 19.f4 Neg4 20.Qh4 h6 21.Rd4
Qb6 22.e5 g5 23.Qh3 dxe5 24.fxe5 Nxe5 25.Rxe5 Qxa6 26.Nc5 Qb6 27.b3 Rg6 
28.Qe3 Kf8 29.Rxe7 Be8 30.Qe5 Rc8 31.N3e4 Qb8 32.Rd6 Ng4 33.Rxe8+ Rxe8 34.
Nd7+ Kg8 35.Rxg6+ fxg6 36.Qd5+ 1-0

[Event "26th EUR-ch"]
[Site "Katowice POL"]
[Date "2026.04.14"]
[Round "7.9"]
[White "Sargsian, Shant"]
[Black "Injac, Teodora"]
[Result "1-0"]
[WhiteElo "2647"]
[BlackElo "2410"]
[EventDate "2026.04.07"]
[PlyCount "39"]

1.e4 c5 2.Nf3 Nc6 3.Bb5 d6 4.O-O Bd7 5.Re1 a6 6.Bxc6 Bxc6 7.d4 cxd4 8.Nxd4
Rc8 9.a4 Nf6 10.Nc3 e6 11.Nd5 Be7 12.Nxe7 Qxe7 13.Ra3 O-O 14.Rg3 Kh8 15.
Bg5 Rg8 16.Rh3 Bd7 17.Qf3 e5 18.Rxh7+ Kxh7 19.Nf5 Qe6 20.Bxf6 1-0

[Event "26th EUR-ch"]
[Site "Katowice POL"]
[Date "2026.04.14"]
[Round "7.10"]
[White "Wadsworth, Matthew"]
[Black "Deac, Bogdan-Daniel"]
[Result "0-1"]
[WhiteElo "2532"]
[BlackElo "2655"]
[EventDate "2026.04.07"]
[PlyCount "82"]

1.d4 Nf6 2.c4 e6 3.Nf3 Bb4+ 4.Nbd2 Be7 5.g3 c5 6.Bg2 cxd4 7.Nxd4 Nc6 8.
N2f3 Qa5+ 9.Bd2 Qb6 10.Nxc6 bxc6 11.Qc2 c5 12.O-O Bb7 13.Bc3 Be4 14.Qd2 
O-O 15.Qf4 Qb7 16.Rac1 a5 17.Rfd1 a4 18.Bf1 d6 19.Rxd6 Bxd6 20.Qxd6 Rac8 
21.Qf4 Rfd8 22.Ng5 Bg6 23.Bh3 Qe7 24.Qe5 Qd6 25.Qe3 h6 26.Nxe6 fxe6 27.
Qxe6+ Qxe6 28.Bxe6+ Bf7 29.Bxc8 Rxc8 30.f3 Rb8 31.Kf2 Nd7 32.Rd1 Rb7 33.
Rd6 Bxc4 34.a3 Bf7 35.e4 Nb6 36.Rc6 Nc4 37.Rxc5 Nxb2 38.Rc8+ Kh7 39.Ke1 
Rb3 40.Kd2 Nc4+ 41.Kd3 Nxa3 0-1

[Event "26th EUR-ch"]
[Site "Katowice POL"]
[Date "2026.04.14"]
[Round "7.11"]
[White "Gurel, Ediz"]
[Black "Maksimovic, Bojan"]
[Result "1-0"]
[WhiteElo "2635"]
[BlackElo "2531"]
[EventDate "2026.04.07"]
[PlyCount "93"]

1.e4 c5 2.Nf3 e6 3.d4 cxd4 4.Nxd4 a6 5.Bd3 Bc5 6.Nb3 Ba7 7.Nc3 Nc6 8.Qe2 
d6 9.Bd2 e5 10.O-O-O Nge7 11.h4 h5 12.Bg5 f6 13.Be3 Bg4 14.f3 Bxe3+ 15.
Qxe3 Be6 16.Be2 Qc7 17.Kb1 Bf7 18.Rd2 Rd8 19.Rhd1 O-O 20.f4 exf4 21.Qxf4 
Ne5 22.g4 hxg4 23.Bxg4 N7g6 24.Qg3 Nxg4 25.Qxg4 Ne5 26.Qg3 Bh5 27.Rf1 Kh8 
28.Nd4 Rde8 29.b3 Bg6 30.h5 Bh7 31.Nd5 Qd7 32.Nf5 Bxf5 33.exf5 Nf7 34.Nf4 
Rg8 35.h6 gxh6 36.Ng6+ Kh7 37.Qh4 Qd8 38.Rh1 Re5 39.Nxe5 fxe5 40.Qe4 Qf6 
41.Qxb7 Rg5 42.Rdh2 Kg8 43.Qxa6 Rxf5 44.a4 Kg7 45.Qc6 Qd8 46.Rg2+ Rg5 47.
Rf1 1-0

[Event "26th EUR-ch"]
[Site "Katowice POL"]
[Date "2026.04.14"]
[Round "7.12"]
[White "Maurizzi, Marc`Andria"]
[Black "Brunello, Sabino"]
[Result "1-0"]
[WhiteElo "2608"]
[BlackElo "2516"]
[EventDate "2026.04.07"]
[PlyCount "99"]

1.e4 e5 2.Nf3 Nc6 3.Bb5 a6 4.Ba4 Nf6 5.O-O Be7 6.Bxc6 dxc6 7.Re1 Nd7 8.c3 
c5 9.Qc2 O-O 10.d4 cxd4 11.cxd4 exd4 12.Nxd4 Re8 13.Nc3 Ne5 14.Rd1 Bg4 15.
Nde2 Bd6 16.f4 Nc6 17.Be3 Qe7 18.h3 Bc5 19.Bxc5 Qxc5+ 20.Kh2 Bxh3 21.Kxh3 
Re6 22.g4 Qf2 23.g5 Qf3+ 24.Kh2 Nb4 25.Qd2 Rd6 26.Nd5 Nxd5 27.exd5 h6 28.
Ng1 Qg4 29.Qe3 Rad8 30.Nf3 hxg5 31.fxg5 Rxd5 32.Rxd5 Rxd5 33.Rg1 Qd7 34.
Re1 Kf8 35.Kg3 a5 36.Ne5 Qd6 37.Qf4 f6 38.gxf6 gxf6 39.Nf3 a4 40.Rc1 Qxf4+
41.Kxf4 c6 42.Rc2 Ke7 43.Nd2 c5 44.Ne4 b6 45.Nc3 Rd4+ 46.Kf5 Kd7 47.Kxf6 
Kc6 48.Ke5 a3 49.b3 b5 50.Rh2 1-0

[Event "26th EUR-ch"]
[Site "Katowice POL"]
[Date "2026.04.14"]
[Round "7.13"]
[White "Petkov, Momchil"]
[Black "Muradli, Mahammad"]
[Result "1/2-1/2"]
[WhiteElo "2517"]
[BlackElo "2605"]
[EventDate "2026.04.07"]
[PlyCount "112"]

1.e4 c5 2.Nf3 d6 3.d4 cxd4 4.Nxd4 Nf6 5.Nc3 a6 6.Bd3 e5 7.Nde2 Be6 8.O-O 
Nc6 9.Be3 Rc8 10.h3 g6 11.Na4 d5 12.Bb6 Qd7 13.exd5 Nxd5 14.a3 Qe7 15.Bc5 
Qg5 16.Bxf8 Kxf8 17.Be4 Rd8 18.Qc1 Qxc1 19.Raxc1 f5 20.Nc5 Bc8 21.c4 Nde7 
22.Bxc6 Nxc6 23.Rfd1 Kf7 24.b4 e4 25.Nf4 Ne5 26.Rd5 g5 27.Nfe6 Rxd5 28.
cxd5 Kf6 29.Nc7 Rd8 30.Na8 Rd6 31.Nxe4+ fxe4 32.Rxc8 Rxd5 33.Nb6 Rd1+ 34.
Kh2 Rd2 35.Re8 Rd3 36.Rf8+ Kg6 37.Re8 Kf6 38.Rf8+ Ke7 39.Rf5 Nf7 40.Rc5 
Rxa3 41.Rc7+ Ke6 42.Rxb7 Ra2 43.Kg1 Ne5 44.Rxh7 Nd3 45.Rh6+ Ke5 46.Nd7+ 
Kd4 47.Rd6+ Kc3 48.Nc5 Ra1+ 49.Kh2 Nxf2 50.Kg3 Rf1 51.Re6 Kd4 52.Rxa6 e3 
53.Rd6+ Ke5 54.Re6+ Kd4 55.Rd6+ Ke5 56.Re6+ Kd4 1/2-1/2

[Event "26th EUR-ch"]
[Site "Katowice POL"]
[Date "2026.04.14"]
[Round "7.14"]
[White "Royal, Shreyas"]
[Black "Lodici, Lorenzo"]
[Result "0-1"]
[WhiteElo "2515"]
[BlackElo "2601"]
[EventDate "2026.04.07"]
[PlyCount "86"]

1.d4 Nf6 2.c4 e6 3.Nc3 Bb4 4.Qc2 Qe7 5.Nf3 d6 6.Bg5 h6 7.Bh4 Nbd7 8.e3 b6 
9.Bd3 Bb7 10.Bxf6 Bxc3+ 11.Qxc3 Nxf6 12.O-O Bxf3 13.gxf3 c5 14.Be4 Rc8 15.
Kh1 cxd4 16.Qxd4 Qc7 17.Rac1 Qc5 18.Qc3 Ke7 19.Rg1 g5 20.b4 Qc7 21.Qd4 
Rhd8 22.Rc2 Qd7 23.Rgc1 Rc7 24.b5 Rc5 25.Bc6 Rxc6 26.bxc6 Qxc6 27.e4 e5 
28.Qd1 Nh5 29.Qg1 Nf4 30.Qg4 Qc5 31.Rd1 Qa3 32.h4 f6 33.Kh2 Qa4 34.Qf5 
Qxc2 35.Qh7+ Ke8 36.Qg8+ Kd7 37.Rxd6+ Kxd6 38.Qxd8+ Kc5 39.Qc7+ Kb4 40.
Qe7+ Kxc4 41.Qc7+ Kd3 42.Qd6+ Ke2 43.Kg3 Qd3 0-1

[Event "26th EUR-ch"]
[Site "Katowice POL"]
[Date "2026.04.14"]
[Round "7.15"]
[White "Kilic, Eray"]
[Black "Rodshtein, Maxim"]
[Result "1/2-1/2"]
[WhiteElo "2502"]
[BlackElo "2598"]
[EventDate "2026.04.07"]
[PlyCount "126"]

1.e4 c5 2.c3 Nf6 3.e5 Nd5 4.Nf3 Nc6 5.Bc4 Nb6 6.Bb3 d5 7.exd6 Qxd6 8.O-O 
Bf5 9.d4 cxd4 10.cxd4 Bxb1 11.Rxb1 e6 12.Be3 Be7 13.a3 O-O 14.Qd3 Nd5 15.
Rfd1 Rfd8 16.Rbc1 Bf6 17.Ba2 g6 18.g3 Qe7 19.b4 a6 20.Rc5 Nxe3 21.Qxe3 a5 
22.Bb1 axb4 23.axb4 Nxb4 24.Be4 Qxc5 25.dxc5 Rxd1+ 26.Kg2 Rd7 27.Qb3 Nc6 
28.Bxc6 bxc6 29.Qb6 Rc8 30.Qa6 Rcc7 31.Qb6 Rc8 32.Qa6 Rdd8 33.Nd2 Ra8 34.
Qxc6 Rac8 35.Qb7 Rb8 36.Qa7 Rb4 37.Qa5 Rbd4 38.Nb3 Rc4 39.Qb5 Rc2 40.c6 
Kg7 41.Qb6 Rd5 42.Qb7 Be5 43.Qb6 h5 44.h4 Bf6 45.Qb7 Rd6 46.c7 Rdc6 47.Nd2
Rxc7 48.Qb6 Rd7 49.Ne4 Bd4 50.Qb3 Rb2 51.Qa3 Rd5 52.Kh3 Re2 53.Qf3 Re1 54.
Qd3 Be5 55.Qc2 Bd4 56.Ng5 Rf5 57.Ne4 Re5 58.Ng5 R5e2 59.Qc4 Bf6 60.Nf3 Re4
61.Qd3 R1e2 62.Ng1 Re1 63.Nf3 Rf4 1/2-1/2

[Event "26th EUR-ch"]
[Site "Katowice POL"]
[Date "2026.04.14"]
[Round "7.16"]
[White "Yuffa, Daniil"]
[Black "Samadov, Read"]
[Result "1-0"]
[WhiteElo "2595"]
[BlackElo "2508"]
[EventDate "2026.04.07"]
[PlyCount "107"]

1.c4 e5 2.Nc3 Bb4 3.Nd5 a5 4.Nf3 d6 5.a3 Bc5 6.e3 c6 7.d4 Ba7 8.Nc3 Nd7 9.
Qc2 Ngf6 10.Bd2 O-O 11.O-O-O Re8 12.Kb1 Qe7 13.h3 Nf8 14.g4 h6 15.dxe5 
dxe5 16.g5 hxg5 17.Nxg5 e4 18.Rg1 Bb8 19.Na4 Bc7 20.Bc3 Bf5 21.c5 Nd5 22.
Bc4 Bg6 23.Rxd5 cxd5 24.Bxd5 Be5 25.Bxe5 Qxe5 26.Bxb7 Rad8 27.c6 Re7 28.
Nc3 Qc5 29.h4 Bf5 30.Rd1 Rd3 31.Rc1 Qc4 32.Ne2 Qxc2+ 33.Rxc2 f6 34.Ng3 
Rd1+ 35.Rc1 Rxc1+ 36.Kxc1 Bg6 37.Nh3 Ne6 38.Nf4 Nxf4 39.exf4 a4 40.Kd2 Kf8
41.Ne2 Bf7 42.Nc3 Bb3 43.Ke3 Ke8 44.Nb5 Bd5 45.Nc3 Bb3 46.Kd4 f5 47.h5 Bf7
48.Nb5 Kd8 49.Kc5 Be8 50.Kd6 Bxc6 51.Bxc6 e3 52.fxe3 Rxe3 53.Nd4 Rd3 54.
Ke5 1-0

[Event "26th EUR-ch"]
[Site "Katowice POL"]
[Date "2026.04.14"]
[Round "7.17"]
[White "Pantsulaia, Levan"]
[Black "Gumularz, Szymon"]
[Result "1/2-1/2"]
[WhiteElo "2472"]
[BlackElo "2590"]
[EventDate "2026.04.07"]
[PlyCount "72"]

1.Nf3 c5 2.c4 Nc6 3.b3 e5 4.d3 g6 5.Bb2 Bg7 6.Nc3 Nge7 7.g3 d5 8.cxd5 Nxd5
9.Nxd5 Qxd5 10.Bg2 O-O 11.O-O Qd6 12.a3 Bg4 13.h3 Be6 14.Ng5 Bd5 15.Ne4 
Qd8 16.b4 cxb4 17.axb4 b5 18.Bc3 a5 19.bxa5 b4 20.Bb2 Rxa5 21.Rxa5 Qxa5 
22.Qa1 Ra8 23.Qxa5 Rxa5 24.Ra1 Rxa1+ 25.Bxa1 Kf8 26.Nd2 Bxg2 27.Kxg2 Ke7 
28.Kf1 f5 29.Ke1 Ke6 30.Kd1 Bf8 31.Kc2 Kd5 32.e4+ Ke6 33.Nb3 Bd6 34.Bb2 
Bb8 35.Bc1 Ba7 36.Be3 Bxe3 1/2-1/2

[Event "26th EUR-ch"]
[Site "Katowice POL"]
[Date "2026.04.14"]
[Round "7.18"]
[White "Abasov, Nijat"]
[Black "Blomqvist, Erik"]
[Result "1-0"]
[WhiteElo "2586"]
[BlackElo "2463"]
[EventDate "2026.04.07"]
[PlyCount "75"]

1.Nf3 d5 2.c4 dxc4 3.e3 Nf6 4.Bxc4 e6 5.O-O Be7 6.d4 c5 7.Nc3 O-O 8.e4 
cxd4 9.Nxd4 Qc7 10.Qe2 Nc6 11.Nxc6 bxc6 12.Be3 Bb7 13.Rac1 c5 14.f3 Rfd8 
15.Rfd1 Bc6 16.Qc2 h6 17.Bf1 Qa5 18.b3 Nd7 19.Nb1 Qc7 20.Rd2 Bd6 21.g3 Be7
22.Be2 a5 23.a4 Bb7 24.Na3 Ne5 25.Nb5 Qc6 26.Rxd8+ Rxd8 27.Qc3 Ng4 28.Bxc5
Bg5 29.Rd1 Bd2 30.Rxd2 Rxd2 31.Nd4 Qc8 32.fxg4 Ra2 33.Bd3 g6 34.Bb1 e5 35.
Bxa2 exd4 36.Qxd4 Qxg4 37.b4 Qe2 38.Bxf7+ 1-0

[Event "26th EUR-ch"]
[Site "Katowice POL"]
[Date "2026.04.14"]
[Round "7.19"]
[White "Tarhan, Adar"]
[Black "Kazakouski, Valery"]
[Result "0-1"]
[WhiteElo "2477"]
[BlackElo "2572"]
[EventDate "2026.04.07"]
[PlyCount "84"]

1.Nf3 d5 2.g3 g6 3.Bg2 Bg7 4.d4 Nf6 5.O-O c6 6.c4 dxc4 7.a4 Ne4 8.Qc2 Nd6 
9.Nbd2 O-O 10.Nxc4 Bf5 11.Qc3 Nxc4 12.Qxc4 Be4 13.Rd1 Nd7 14.Qb4 a5 15.Qa3
Nb6 16.Qb3 Ra6 17.Bf1 Qd5 18.Qxd5 Nxd5 19.Ne1 Nb4 20.Ra3 Raa8 21.Bg5 Rfd8 
22.Bxe7 Rxd4 23.Rxd4 Bxd4 24.e3 Bxb2 25.Rb3 Bg7 26.Bc4 Bf8 27.Bf6 Re8 28.
Bd4 c5 29.Bc3 Bg7 30.Bxb4 cxb4 31.Nd3 Rc8 32.Bb5 Rc3 33.Rxc3 bxc3 34.f3 
Bxf3 35.Kf2 Bd5 36.Ke2 Kf8 37.Nf2 Bb3 38.Nd3 Bd5 39.Nc5 Ke7 40.e4 Ba2 41.
Nxb7 c2 42.Kd2 Bb1 0-1

[Event "26th EUR-ch"]
[Site "Katowice POL"]
[Date "2026.04.14"]
[Round "7.20"]
[White "Finek, Vaclav"]
[Black "Ohanian, Emin"]
[Result "1/2-1/2"]
[WhiteElo "2571"]
[BlackElo "2481"]
[EventDate "2026.04.07"]
[PlyCount "112"]

1.Nf3 d5 2.e3 c5 3.b3 g6 4.Bb2 Nf6 5.c4 Bg7 6.cxd5 Qxd5 7.Nc3 Qd8 8.Be2 
O-O 9.O-O Nc6 10.Rc1 b6 11.a3 Bb7 12.Qc2 Rc8 13.Qb1 e5 14.d3 Nd5 15.Rfd1 
Re8 16.Bf1 Nxc3 17.Bxc3 Ne7 18.Nd2 Nd5 19.Bb2 Qe7 20.Qa1 Rcd8 21.Nc4 h5 
22.g3 Nc7 23.b4 Bf3 24.Re1 cxb4 25.axb4 Nb5 26.Qa4 Nd6 27.Nxd6 Qxd6 28.
Qxa7 Qxb4 29.Qa3 Bf8 30.Qxb4 Bxb4 31.Bc3 Bxc3 32.Rxc3 Rc8 33.Rb3 Rc6 34.e4
Rec8 35.d4 Rc3 36.Rxc3 Rxc3 37.dxe5 g5 38.Bg2 Bg4 39.Rb1 Be6 40.f4 h4 41.
f5 Bc4 42.gxh4 gxh4 43.Bf1 b5 44.Bxc4 Rxc4 45.Rxb5 Rxe4 46.Kg2 Rf4 47.e6 
fxe6 48.fxe6 Kf8 49.Rb7 Re4 50.Rb6 Ke7 51.Kh3 Rxe6 52.Rxe6+ Kxe6 53.Kxh4 
Kf6 54.Kg3 Kg5 55.h4+ Kh5 56.Kf2 Kxh4 1/2-1/2

[Event "26th EUR-ch"]
[Site "Katowice POL"]
[Date "2026.04.14"]
[Round "7.21"]
[White "Ilinca, Felix-Antonio"]
[Black "Dudin, Gleb"]
[Result "0-1"]
[WhiteElo "2481"]
[BlackElo "2566"]
[EventDate "2026.04.07"]
[PlyCount "192"]

1.Nf3 d5 2.g3 Nf6 3.Bg2 e6 4.O-O Be7 5.d3 O-O 6.c4 c5 7.Ne5 a6 8.cxd5 Nxd5
9.Nc3 Bf6 10.Ng4 Be7 11.Ne3 Nb4 12.Nc4 Ra7 13.Be3 b5 14.Nd2 Bb7 15.Nde4 
Bxe4 16.Nxe4 Rc7 17.Bd2 N8c6 18.a3 Nd5 19.Rc1 b4 20.Nxc5 bxa3 21.bxa3 Nd4 
22.Ba5 Bxc5 23.Bxd5 Bb6 24.Rxc7 Bxa5 25.Rc4 Qxd5 26.e4 Qd6 27.Kg2 Nb5 28.
Qa4 Qxd3 29.Rd1 Qe2 30.Qc2 Qxc2 31.Rxc2 Nxa3 32.Rc6 Ra8 33.Rdd6 Bb4 34.
Rxa6 Rxa6 35.Rxa6 g5 36.f4 gxf4 37.gxf4 Kg7 38.Ra4 Be7 39.Ra7 Bf8 40.Kf3 
Nc4 41.Ra4 Nd2+ 42.Ke2 Nb3 43.Kf3 Bc5 44.Ke2 Nd4+ 45.Ke3 Nf5+ 46.Kf3 Nh4+ 
47.Kg4 Ng6 48.Ra5 Bd6 49.e5 Bb4 50.Ra2 Bc5 51.Kf3 Nh4+ 52.Ke4 Kg6 53.Rc2 
Be7 54.Rc8 Nf5 55.Kf3 Kh5 56.Rb8 h6 57.Rc8 Kh4 58.Rh8 Kh5 59.Rh7 Kg6 60.
Rh8 Bc5 61.Rc8 Bd4 62.Rc7 Bg1 63.Kg2 Be3 64.Kf3 Bd2 65.Rd7 Bb4 66.Ke4 Be7 
67.Kf3 Kh5 68.h3 Kh4 69.Kg2 Kh5 70.Kf3 Kg6 71.Ke4 Bh4 72.Rb7 Bg3 73.Kf3 h5
74.Rb8 Kg7 75.Rd8 h4 76.Rd7 Kg6 77.Rd8 Ne7 78.Ke4 Kg7 79.Re8 Ng6 80.f5 
exf5+ 81.Kxf5 Nxe5 82.Kg5 Nf3+ 83.Kf5 Nd4+ 84.Ke4 Nb5 85.Kf3 f5 86.Rd8 Nd6
87.Ra8 Nf7 88.Ra6 Ne5+ 89.Kg2 Ng6 90.Ra5 Kf6 91.Kf3 Nf4 92.Ra8 Nxh3 93.
Rf8+ Ke6 94.Rg8 Kf7 95.Ra8 Ng5+ 96.Kg2 Kg6 0-1

[Event "26th EUR-ch"]
[Site "Katowice POL"]
[Date "2026.04.14"]
[Round "7.22"]
[White "Mosesov, Danyil"]
[Black "Andersen, Mads"]
[Result "1/2-1/2"]
[WhiteElo "2464"]
[BlackElo "2562"]
[EventDate "2026.04.07"]
[PlyCount "43"]

1.d4 d5 2.c4 e6 3.Nf3 Nf6 4.Nc3 c5 5.cxd5 Nxd5 6.g3 cxd4 7.Nxd5 Qxd5 8.
Qxd4 Qxd4 9.Nxd4 Bb4+ 10.Bd2 Bxd2+ 11.Kxd2 Ke7 12.Bg2 Rd8 13.Ke3 Nd7 14.
Rac1 Nf6 15.h3 Nd5+ 16.Bxd5 Rxd5 17.Rc7+ Rd7 18.Rhc1 Kd8 19.R7c3 Rd5 20.
Rc7 Rd7 21.R7c3 Rd5 22.Rc7 1/2-1/2

[Event "26th EUR-ch"]
[Site "Katowice POL"]
[Date "2026.04.14"]
[Round "7.23"]
[White "Kuru, Atilla"]
[Black "Sokolovsky, Yahli"]
[Result "1-0"]
[WhiteElo "2444"]
[BlackElo "2559"]
[EventDate "2026.04.07"]
[PlyCount "97"]

1.e4 e5 2.Nf3 Nc6 3.d4 exd4 4.Nxd4 Bc5 5.Be3 Qf6 6.c3 d6 7.Be2 Nge7 8.O-O 
O-O 9.Nxc6 Nxc6 10.Bxc5 dxc5 11.f4 Qe7 12.Nd2 Be6 13.Qe1 Rad8 14.Rf2 f6 
15.Bf1 a6 16.Qe3 Na5 17.b3 b5 18.Re1 c4 19.b4 Nb7 20.Qg3 Bc8 21.h4 a5 22.
bxa5 Nc5 23.Re3 Bb7 24.h5 Rd7 25.e5 f5 26.e6 Rd6 27.Re5 Rxe6 28.Rfe2 Be4 
29.Rxe6 Qxe6 30.Qe3 Qd6 31.Nxe4 Nxe4 32.a4 bxa4 33.Ra2 Qc6 34.Qd4 Nd6 35.
h6 gxh6 36.Kh2 Re8 37.Qf6 Qd7 38.a6 Re6 39.Qd4 Qc6 40.a7 Re8 41.Qd1 Ra8 
42.Rxa4 Qc5 43.Qb1 Qb6 44.Qa2 Kg7 45.g3 Nc8 46.Qe2 Nd6 47.Qe7+ Kg6 48.Ra2 
Ne4 49.Bxc4 1-0

[Event "26th EUR-ch"]
[Site "Katowice POL"]
[Date "2026.04.14"]
[Round "7.24"]
[White "Costa, Leonardo"]
[Black "Dehtiarov, Roman"]
[Result "0-1"]
[WhiteElo "2556"]
[BlackElo "2452"]
[EventDate "2026.04.07"]
[PlyCount "74"]

1.e4 e5 2.Nf3 Nc6 3.Bc4 Bc5 4.c3 Nf6 5.d3 d6 6.O-O a6 7.a4 Ba7 8.Re1 O-O 
9.h3 b5 10.Bb3 b4 11.a5 Rb8 12.Nbd2 Be6 13.Bxe6 fxe6 14.Nc4 bxc3 15.bxc3 
Nh5 16.Ra2 Nf4 17.Bxf4 Rxf4 18.g3 Rf6 19.Kg2 Qd7 20.Nh2 Rbf8 21.Ne3 Qf7 
22.Neg4 Rg6 23.Qa4 h5 24.Ne3 Rf6 25.Ree2 Bxe3 26.fxe3 Nb8 27.h4 Nd7 28.d4 
d5 29.Qc6 Nb8 30.Qc5 Qg6 31.exd5 Qe4+ 32.Kh3 exd5 33.Qxc7 Nc6 34.Qd7 R8f7 
35.Qe8+ Kh7 36.Rab2 Qf5+ 37.Kg2 Rf8 0-1

[Event "26th EUR-ch"]
[Site "Katowice POL"]
[Date "2026.04.14"]
[Round "7.25"]
[White "Moroni, Luca jr"]
[Black "Aizenberg, Benny"]
[Result "0-1"]
[WhiteElo "2551"]
[BlackElo "2451"]
[EventDate "2026.04.07"]
[PlyCount "50"]

1.Nf3 Nf6 2.c4 e6 3.Nc3 d5 4.e3 c5 5.cxd5 exd5 6.d4 Nc6 7.Be2 Be7 8.O-O 
O-O 9.b3 Ne4 10.Bb2 Bf6 11.Na4 Bg4 12.Rc1 cxd4 13.exd4 Re8 14.Re1 Rc8 15.
Ne5 Bxe2 16.Qxe2 Nxe5 17.dxe5 Bg5 18.Rcd1 Bf4 19.Qg4 Bxh2+ 20.Kf1 Qa5 21.
g3 h5 22.Qxh5 Bxg3 23.Kg2 Bf4 24.e6 Rxe6 25.Rxd5 Qxe1 0-1

[Event "26th EUR-ch"]
[Site "Katowice POL"]
[Date "2026.04.14"]
[Round "7.26"]
[White "Gavrilescu, David"]
[Black "Ghimpu, Samuel-Timotei"]
[Result "1/2-1/2"]
[WhiteElo "2545"]
[BlackElo "2443"]
[EventDate "2026.04.07"]
[PlyCount "29"]

1.e4 c6 2.d4 d5 3.e5 c5 4.Nf3 cxd4 5.Qxd4 Nc6 6.Qf4 f6 7.Nc3 a6 8.Qg3 fxe5
9.Nxe5 Nf6 10.Be2 Bf5 11.O-O e6 12.Bf4 g6 13.Nxc6 bxc6 14.Bc7 Qd7 15.Be5 
1/2-1/2

[Event "26th EUR-ch"]
[Site "Katowice POL"]
[Date "2026.04.14"]
[Round "7.27"]
[White "Seemann, Jakub"]
[Black "Atoyan, Alberto"]
[Result "1-0"]
[WhiteElo "2545"]
[BlackElo "2342"]
[EventDate "2026.04.07"]
[PlyCount "73"]

1.c4 e6 2.Nf3 Nf6 3.g3 d5 4.Bg2 Nc6 5.d4 Bd6 6.O-O O-O 7.e3 Re8 8.Qe2 dxc4
9.Nbd2 e5 10.dxe5 Nxe5 11.Nxe5 Bxe5 12.Nxc4 Qe7 13.Nxe5 Qxe5 14.e4 Be6 15.
Bf4 Qa5 16.b3 Rad8 17.Rac1 c6 18.f3 Nd7 19.Qf2 f5 20.Rfe1 a6 21.h4 fxe4 
22.Rxe4 Bf5 23.Rxe8+ Rxe8 24.g4 Be6 25.Re1 Bf7 26.Rxe8+ Bxe8 27.Kh2 Qc5 
28.Qe2 Bf7 29.g5 Nb6 30.Bg3 Nd5 31.Qe5 Qf8 32.Bf2 Qe8 33.Qd6 Qe7 34.Qb8+ 
Be8 35.Bg3 Ne3 36.Bh3 Qf7 37.Qe5 1-0

[Event "26th EUR-ch"]
[Site "Katowice POL"]
[Date "2026.04.14"]
[Round "7.28"]
[White "Levin, Guy"]
[Black "Subelj, Jan"]
[Result "1/2-1/2"]
[WhiteElo "2462"]
[BlackElo "2543"]
[EventDate "2026.04.07"]
[PlyCount "38"]

1.c4 e6 2.Nc3 d5 3.d4 Nf6 4.Bg5 dxc4 5.e4 b5 6.Nxb5 Bb4+ 7.Nc3 c5 8.Nf3 
Bxc3+ 9.bxc3 Qa5 10.Bxf6 Qxc3+ 11.Nd2 gxf6 12.dxc5 Ke7 13.Rc1 Qa5 14.Bxc4 
Rd8 15.Rc2 Nc6 16.O-O Nd4 17.Rc1 Nc6 18.Rc2 Nd4 19.Rc1 Nc6 1/2-1/2

[Event "26th EUR-ch"]
[Site "Katowice POL"]
[Date "2026.04.14"]
[Round "7.29"]
[White "Kovalenko, Igor"]
[Black "Kalogeris, Ioannis"]
[Result "1-0"]
[WhiteElo "2685"]
[BlackElo "2427"]
[EventDate "2026.04.07"]
[PlyCount "83"]

1.Nf3 Nf6 2.d4 d5 3.c4 c6 4.Nc3 a6 5.g3 b5 6.b3 dxc4 7.bxc4 Qa5 8.Bd2 b4 
9.Qa4 Qb6 10.c5 Qb7 11.Nd1 a5 12.Bg2 Be6 13.Ne3 Ra6 14.Ng5 Bd7 15.Qb3 e6 
16.Nc4 Be7 17.O-O O-O 18.a3 Nd5 19.e4 Nc7 20.Nf3 a4 21.Qxb4 Nb5 22.h4 f6 
23.Rfe1 Ra7 24.e5 Na6 25.Qb2 Nac7 26.exf6 gxf6 27.Nb6 Be8 28.Bh6 Rf7 29.
Bh3 Bf8 30.Bxf8 Rxf8 31.Nd2 Bf7 32.Nd7 Nd5 33.Nxf8 Kxf8 34.Bxe6 Bxe6 35.
Rxe6 Qd7 36.Rae1 Kf7 37.Nc4 Qxe6 38.Rxe6 Kxe6 39.Qe2+ Kf7 40.Qh5+ Ke6 41.
Qg4+ Ke7 42.h5 1-0